02023nam a2200517 i 450000100060000000300090000600500170001500800390003201500170007104000410008804100140012904600090014308000100015208000100016208000100017208000070018208000100018910000340019924502170023324600820045026000550053230000440058733600270063133700540065833800280071238000160074038000230075638800140077938800140079350400480080752101930085565000120104865000230106065000140108365000120109765000080110965800110111765800250112870000380115370000570119170000440124870000380129270000370133071000400136785600980140712223KOSZ 00520200629121534.0200415s1967 pl a f 001 0 pol aPB 1968/2824 aWA NcWA NdKOSZ 005/RWdKOSZ 005/HR1 apolhrus  k1965 a543.2 a613.6 a614.7 a62 a66/691 aPeregud, Eva AbramovnaeAutor10aChemiczna analiza powietrza w zakładach przemysłowych /c E. A. Pieriegud, E. W. Gierniet ; redakcja I. M. Korenman ; tłumaczenie z rosyjskiego Włodzimierz Łuczkowski, Józef Romanowski, Feliks Świerkot. 1 iTytuł oryginału:aHimičeskij analiz vozduha promyšlennyh predpriâtij  aWarszawa :bWydawnictwa Naukowo-Techniczne,c1967. a454, [2] strony :bilustracje ;c22 cm. aTekstbtxt2rdacontent aBez urządzenia pośredniczącegobn2rdamedia aWoluminbnc2rdacarrier aKsiążki aPublikacje fachowe a1901-2000 a1945-1989 aBibliografia na stronach 442-[448]. Indeks.8 aKsiążka jest przeznaczona dla chemików zatrudnionych w laboratoriach analitycznych zakładów przemysłowych, stacjach sanitarno-epidemiologicznych i instytutach naukowo-badawczych. 7aPomiary 7aChemia analityczna 7aPowietrze 7aHigiena 7aBHP aChemia aOchrona środowiska1 aGernet, Elena VladimirovnaeAutor1 aKorenman, Izrail' Mironovičd(1904-1988)eRedakcja1 aŁuczkowski, WłodzimierzeTłumaczenie1 aRomanowski, JózefeTłumaczenie1 aŚwierkot, FelikseTłumaczenie2 aWydawnictwa Naukowo-Techniczne4pbl uhttp://koha.tu.koszalin.pl/cgi-bin/koha/opac-detail.pl?biblionumber=12223yKatalog online BPK